| 000 | 00613nam a2200205 i 4500 | ||
|---|---|---|---|
| 001 | 36176 | ||
| 003 | ES-MaACL | ||
| 005 | 20230906155323.0 | ||
| 007 | t| | ||
| 008 | 030217s1911 fr ||||1| fre d | ||
| 100 | 1 |
_aBricard, Raoul. _931681 |
|
| 245 | 1 | 0 |
_aGéometrie descriptive / _cpar Raoul Bricard. |
| 260 |
_aParis : _bOctave Doin et Fils, _c1911 ( _eTours : _fMame) |
||
| 300 |
_aXII, 269 p. : _bil. ; _c18 cm. |
||
| 490 | 1 | _aEncyclopédie scientifique | |
| 650 | 4 |
_aGeometría descriptiva. _9136182 |
|
| 830 | 0 |
_aEncyclopédie scientifique _9180883 |
|
| 852 |
_aES-MaACL _jD-4356 |
||
| 999 |
_c36176 _d36176 |
||